El diversionismo ideológico /

Gespeichert in:
Bibliographische Detailangaben
1. Verfasser: García Galló, Gaspar Jorge (autor)
Format: Buch
Sprache:Spanisch
Schlagworte:
Tags: Tag hinzufügen
Keine Tags, Fügen Sie das erste Tag hinzu!

MARC

LEADER 00000nam^a2200000^a^4500
001 000120854
005 20250521000000.0
009 20260310094405.946
037 |a Acervo ITESO - Biblioteca 
041 |a ESP 
082 |a 140.  |b GAR 
100 |a García Galló, Gaspar Jorge  |e (autor) 
245 1 3 |a El diversionismo ideológico /  |c G.J. García Galló. 
264 |a La Habana, Cuba :  |b Ministerio de Salud Pública, Hospital Psiquiátrico de La Habana,  |c 1980 
300 |a 22 p. 
336 |a texto  |b txt  |2 rdacontenido 
337 |a sin mediación  |b n  |2 rdamedio 
338 |a volumen  |b nc  |2 rdasoporte 
649 |a XX 
650 |a Ideología 
650 |a Lucha de Clases 
650 |a Ciencia y Desarrollo 
650 |a Socialismo 
650 |a Política Científica y Tecnológica 
650 |a Filosofía 
910 |a Fondo Armando Suárez Gómez 
920 |a Impresos - Libros 
930 |a Fondos Especiales 
905 |a 111 
901 |a 0700006274  |b IT2  |c ESP  |u 20250521 
902 |a https://opac.biblio.iteso.mx/vufind/Record/000120854